Statistics for Countries Bordering Unknown Sea #7 (no letter prompts)

Click here to take the quiz!

General Stats

  • This quiz has been taken 78 times
  • The average score is 8 of 8

Answer Stats

Country % Correct
Norway
100%
United Kingdom
100%
Netherlands
100%
Belgium
100%
France
100%
Denmark
99%
North Sea
97%
Germany
97%

Score Distribution

Percentile by Number Answered

Percent of People with Each Score

Your Score History

You have not taken this quiz